| 000 | 00342nam a22001337a 4500 | ||
|---|---|---|---|
| 020 | _a9780367646172 | ||
| 040 | _c0 | ||
| 082 |
_a363.5 _bTRA |
||
| 245 | 0 | 0 |
_aTransforming social housing: _bInternational Perspectives/ |
| 260 |
_aLondon: _bRoutledge; _c2021. |
||
| 300 |
_a2014p.: _bill; |
||
| 700 | 1 |
_aTsenkova,Sash _9121881 |
|
| 942 |
_2ddc _cBK |
||
| 999 |
_c608570 _d608570 |
||